<?xml version="1.0" encoding="UTF-8"?>
<record
    xmlns:xsi="http://www.w3.org/2001/XMLSchema-instance"
    xsi:schemaLocation="http://www.loc.gov/MARC21/slim http://www.loc.gov/standards/marcxml/schema/MARC21slim.xsd"
    xmlns="http://www.loc.gov/MARC21/slim">

  <leader>01332nam2a22002891  4500</leader>
  <controlfield tag="001">rc\3471096</controlfield>
  <controlfield tag="005">20250610021324.0</controlfield>
  <datafield tag="021" ind1=" " ind2=" ">
    <subfield code="a">RU</subfield>
    <subfield code="b">[74-72371]</subfield>
  </datafield>
  <datafield tag="035" ind1=" " ind2=" ">
    <subfield code="a">(NLR Aleph) 007640468</subfield>
  </datafield>
  <datafield tag="090" ind1=" " ind2=" ">
    <subfield code="a">6120296</subfield>
    <subfield code="c">6120296</subfield>
  </datafield>
  <datafield tag="100" ind1=" " ind2=" ">
    <subfield code="a">20130115d1974    |||y0rusy50      ca</subfield>
  </datafield>
  <datafield tag="101" ind1="0" ind2=" ">
    <subfield code="a">rus</subfield>
  </datafield>
  <datafield tag="102" ind1=" " ind2=" ">
    <subfield code="a">RU</subfield>
  </datafield>
  <datafield tag="105" ind1=" " ind2=" ">
    <subfield code="a">a   z   |||||</subfield>
  </datafield>
  <datafield tag="200" ind1="1" ind2=" ">
    <subfield code="a">&#x41D;&#x435;&#x444;&#x442;&#x438; &#x421;&#x440;&#x435;&#x434;&#x43D;&#x435;&#x439; &#x410;&#x437;&#x438;&#x438;, &#x41A;&#x430;&#x437;&#x430;&#x445;&#x441;&#x442;&#x430;&#x43D;&#x430;, &#x421;&#x438;&#x431;&#x438;&#x440;&#x438; &#x438; &#x43E;. &#x421;&#x430;&#x445;&#x430;&#x43B;&#x438;&#x43D;</subfield>
    <subfield code="f">&#x420;&#x435;&#x434;. &#x43A;&#x43E;&#x43B;&#x43B;&#x435;&#x433;&#x438;&#x44F;: &#x417;.&#x412;. &#x414;&#x440;&#x438;&#x430;&#x446;&#x43A;&#x430;&#x44F; [&#x438; &#x434;&#x440;.]</subfield>
    <subfield code="g">[&#x421;&#x43E;&#x441;&#x442;. &#x417;.&#x412;. &#x414;&#x440;&#x438;&#x430;&#x446;&#x43A;&#x430;&#x44F;, &#x41C;.&#x410;. &#x41C;&#x445;&#x447;&#x438;&#x44F;&#x43D;, &#x41D;.&#x41C;. &#x416;&#x43C;&#x44B;&#x445;&#x43E;&#x432;&#x430; &#x438; &#x434;&#x440;.]</subfield>
    <subfield code="g">&#x422;&#x438;&#x442;&#x443;&#x43B;&#x44C;&#x43D;&#x44B;&#x435; &#x440;&#x435;&#x434;.: &#x417;.&#x412;. &#x414;&#x440;&#x438;&#x430;&#x446;&#x43A;&#x430;&#x44F; [ &#x438; &#x434;&#x440;.]</subfield>
  </datafield>
  <datafield tag="210" ind1=" " ind2=" ">
    <subfield code="d">1974</subfield>
    <subfield code="a">&#x411;. &#x43C;.</subfield>
  </datafield>
  <datafield tag="215" ind1=" " ind2=" ">
    <subfield code="a">787 &#x441;.</subfield>
    <subfield code="c">&#x441;&#x445;&#x435;&#x43C;.</subfield>
  </datafield>
  <datafield tag="320" ind1=" " ind2=" ">
    <subfield code="a">&#x410;&#x43B;&#x444;. &#x443;&#x43A;&#x430;&#x437;. &#x43D;&#x435;&#x444;&#x442;&#x435;&#x439;: &#x441;. 780-787</subfield>
  </datafield>
  <datafield tag="461" ind1=" " ind2="0">
    <subfield code="1">001rc\3471092</subfield>
    <subfield code="1">2001#$a&#x41D;&#x435;&#x444;&#x442;&#x438; &#x421;&#x421;&#x421;&#x420;$e&#x421;&#x43F;&#x440;&#x430;&#x432;&#x43E;&#x447;&#x43D;&#x438;&#x43A;$e&#x412; 4 &#x442;.$f&#x420;&#x435;&#x434;. &#x417;.&#x412;. &#x414;&#x440;&#x438;&#x430;&#x446;&#x43A;&#x430;&#x44F; [&#x438; &#x434;&#x440;.]. &#x422;. 1-$v&#x422; .4</subfield>
    <subfield code="9">6120257</subfield>
    <subfield code="c">&#x41C;&#x43E;&#x441;&#x43A;&#x432;&#x430;</subfield>
    <subfield code="d">1971-</subfield>
    <subfield code="f">&#x420;&#x435;&#x434;. &#x417;.&#x412;. &#x414;&#x440;&#x438;&#x430;&#x446;&#x43A;&#x430;&#x44F; [&#x438; &#x434;&#x440;.]. &#x422;. 1-</subfield>
    <subfield code="n">&#x425;&#x438;&#x43C;&#x438;&#x44F;</subfield>
    <subfield code="o">&#x421;&#x43F;&#x440;&#x430;&#x432;&#x43E;&#x447;&#x43D;&#x438;&#x43A; : &#x412; 4 &#x442;.</subfield>
    <subfield code="t">&#x41D;&#x435;&#x444;&#x442;&#x438; &#x421;&#x421;&#x421;&#x420;</subfield>
    <subfield code="v">&#x422; .4</subfield>
  </datafield>
  <datafield tag="702" ind1=" " ind2="1">
    <subfield code="a">&#x41C;&#x445;&#x447;&#x438;&#x44F;&#x43D;</subfield>
    <subfield code="b">&#x41C;.&#x410;.</subfield>
    <subfield code="4">220</subfield>
  </datafield>
  <datafield tag="702" ind1=" " ind2="1">
    <subfield code="a">&#x416;&#x43C;&#x44B;&#x445;&#x43E;&#x432;&#x430;</subfield>
    <subfield code="b">&#x41D;.&#x41C;.</subfield>
    <subfield code="4">220</subfield>
  </datafield>
  <datafield tag="702" ind1=" " ind2="1">
    <subfield code="a">&#x414;&#x440;&#x438;&#x430;&#x446;&#x43A;&#x430;&#x44F;</subfield>
    <subfield code="b">&#x417;.&#x412;.</subfield>
    <subfield code="4">340</subfield>
    <subfield code="4">220</subfield>
  </datafield>
  <datafield tag="801" ind1=" " ind2="0">
    <subfield code="a">RU</subfield>
    <subfield code="b">NLR</subfield>
    <subfield code="g">psbo</subfield>
  </datafield>
  <datafield tag="801" ind1=" " ind2="1">
    <subfield code="a">RU</subfield>
    <subfield code="b">ELAR</subfield>
    <subfield code="2">rusmarc</subfield>
  </datafield>
  <datafield tag="852" ind1=" " ind2=" ">
    <subfield code="a">NLR</subfield>
    <subfield code="j">71-5/3969</subfield>
  </datafield>
  <datafield tag="942" ind1=" " ind2=" ">
    <subfield code="c">BOOK</subfield>
  </datafield>
  <datafield tag="980" ind1=" " ind2=" ">
    <subfield code="a">NB</subfield>
  </datafield>
  <datafield tag="995" ind1=" " ind2=" ">
    <subfield code="5">2013-10-26</subfield>
    <subfield code="b">NLR01</subfield>
    <subfield code="c">NLR01</subfield>
    <subfield code="e">RF31</subfield>
    <subfield code="f">7640468-10</subfield>
    <subfield code="k">71-5/3969</subfield>
    <subfield code="o">0</subfield>
    <subfield code="r">BOOK</subfield>
    <subfield code="s">7153969_</subfield>
  </datafield>
</record>
